000 00767nam a2200253Ia 4500
003 OSt
005 20220930091137.0
006 a|||||r|||| 00| 0
007 ta
008 220926b |||||||| |||| 00| 0 eng d
024 _a3581
037 _cTheses
040 _aCRL
_cCRL
_beng
041 _2eng
_aeng
100 _aJain Ankit
_9544927
110 _aUniversity of Delhi. Faculty of Medical Science. Department of Medicine
245 0 _aEpiemiology of refractory hypertension
_b A hospital based study
260 _c2012
650 _aMEDICINE
700 _a N. P. Singh Gu.
_9544928
700 _aUniversity of Delhi. Faculty of Medical Science. Department of Medicine
942 _cDIS
_2CC
999 _c881715
_d881715